| 000 | 00390nam a2200157 4500 | ||
|---|---|---|---|
| 020 | _a9788197841569 | ||
| 082 |
_aM 398.357 _bRAJ/T |
||
| 100 | _aRajendran A P | ||
| 245 |
_aThirayattam: _bporulum vazhiyum/ _cby Rajendran A P |
||
| 260 |
_aKozhikode: _bAtma Books, _c2024. |
||
| 300 | _a104p. | ||
| 650 | _aThirayattam | ||
| 650 | _aFolklore | ||
| 650 | _aSocial Sciences | ||
| 942 | _cBK | ||
| 999 |
_c181865 _d181865 |
||